Statistics for Yugoslavia country quiz

Click here to take the quiz!

General Stats

  • This quiz has been taken 1,061 times
  • The average score is 21 of 24

Answer Stats

HintAnswer% Correct
Serbia
98%
Croatia
97%
Montenegro
97%
Slovenia
97%
CountriesBosnia and Herzegovina
96%
Part of Serbia, some say it's a countryKosovo
96%
Macedonia
95%
Belgrade
93%
Hungary
93%
CapitalsSarajevo
93%
Zagreb
93%
Bulgaria
92%
Romania
92%
Year of the breakup1990
91%
Bordering CountriesAlbania
91%
Greece
91%
Italy
90%
Austria
89%
Comunnist leaderMarshall Josip Broz Tito
87%
Skopje
87%
Ljubljana
86%
Titograd (Podgorica)
85%
Year of full breakup2006
81%
First leaderKing Alexander
27%

Score Distribution

Percentile by Number Answered

Percent of People with Each Score

Your Score History

You have not taken this quiz